000 00504nmm a2200157Ia 4500
008 251105s9999||||xx |||||||||||||||||und||
020 _a9781558857957
041 _aspa
_aeng
100 _aCaraballo, Samuel
245 0 _aEstas manos : manitas de mi familia = These hands : my family's hands
264 _a[Washington, Estados Unidos] :
_bArte Público Press,
_c2014
300 _a32 páginas
650 _aAges 6-8 Years Old
856 _uhttps://public.digitaliapublishing.com/a/38207
942 _cCF
999 _c74900
_d74900